000 00272nam a22001097a 4500
008 160520b xxu||||| |||| 00| 0 eng d
020 _a0312193793
041 _aeng
080 _a003.2
245 _aWriting first:
_cLaurise G. Kirszner; Stephen R. Mandell;
942 _2udc
_cBK
999 _c2328
_d2328